<?xml version="1.0" encoding="UTF-8"?>
<record
    xmlns:xsi="http://www.w3.org/2001/XMLSchema-instance"
    xsi:schemaLocation="http://www.loc.gov/MARC21/slim http://www.loc.gov/standards/marcxml/schema/MARC21slim.xsd"
    xmlns="http://www.loc.gov/MARC21/slim">

  <leader>00688nam  22001813  4500</leader>
  <controlfield tag="001">202315</controlfield>
  <datafield tag="016" ind1=" " ind2=" ">
    <subfield code="d">compra</subfield>
  </datafield>
  <datafield tag="090" ind1=" " ind2=" ">
    <subfield code="a">202315</subfield>
  </datafield>
  <datafield tag="100" ind1=" " ind2=" ">
    <subfield code="a">20260525d        u||y0pory50      ba</subfield>
  </datafield>
  <datafield tag="200" ind1=" " ind2=" ">
    <subfield code="a">The Golden Pan-Flute</subfield>
  </datafield>
  <datafield tag="210" ind1=" " ind2=" ">
    <subfield code="c">Point productions</subfield>
    <subfield code="d">1988</subfield>
  </datafield>
  <datafield tag="215" ind1=" " ind2=" ">
    <subfield code="c">CD &#xE1;udio, (60: 00 min)</subfield>
  </datafield>
  <datafield tag="300" ind1=" " ind2=" ">
    <subfield code="a">A flauta de p&#xE3; ou flauta de pan &#xE9; um instrumento musical (remonta &#xE0; antiguidade) e o nome gen&#xE9;rico dado a instrumentos musicais  de sopro constitu&#xED;dos por um conjunto de tubos fechados numa extremidade, ligados uns aos outros em feixe ou lado a lado.</subfield>
  </datafield>
  <datafield tag="606" ind1=" " ind2=" ">
    <subfield code="9">1103</subfield>
    <subfield code="a">M&#xFA;sica</subfield>
  </datafield>
  <datafield tag="610" ind1=" " ind2=" ">
    <subfield code="a">flauta--musica cl&#xE1;ssica</subfield>
  </datafield>
  <datafield tag="675" ind1=" " ind2=" ">
    <subfield code="a">78</subfield>
    <subfield code="v">NL</subfield>
    <subfield code="z">dut</subfield>
  </datafield>
  <datafield tag="801" ind1=" " ind2=" ">
    <subfield code="a">PT</subfield>
    <subfield code="b">BMMN</subfield>
    <subfield code="g">RPC</subfield>
  </datafield>
  <datafield tag="990" ind1=" " ind2=" ">
    <subfield code="c">CD MUSICA</subfield>
  </datafield>
  <datafield tag="995" ind1=" " ind2=" ">
    <subfield code="0">0</subfield>
    <subfield code="2">0</subfield>
    <subfield code="5">2026-05-25</subfield>
    <subfield code="9">32079</subfield>
    <subfield code="b">BMMN</subfield>
    <subfield code="f">31795</subfield>
    <subfield code="k">78 FLU(est)|DEP</subfield>
    <subfield code="o">0</subfield>
    <subfield code="r">CD MUSICA</subfield>
    <subfield code="c">BMMN</subfield>
    <subfield code="s">Compra</subfield>
  </datafield>
</record>
